Pride & prejudice / (Record no. 60391)

MARC details
000 -LEADER
fixed length control field 02644nam a22003497a 4500
005 - DATE AND TIME OF LATEST TRANSACTION
control field 2012010502312.0
010 ## - LCCN (DPL NO)
LC control number B-470350-361
020 ## - INTERNATIONAL STANDARD BOOK NUMBER
International Standard Book Number 9789380848051
Terms of availability $ 4.95 Rs. 470350-361
035 ## - SYSTEM CONTROL NUMBER
System control number B-470350-361
037 ## - SOURCE OF ACQUISITION
Source of stock number/acquisition Blue Berry/Ven
082 ## - DEWEY DECIMAL CLASSIFICATION NUMBER
Classification number N
100 ## - MAIN ENTRY--PERSONAL NAME
Personal name Austen, Jane
245 ## - TITLE STATEMENT
Title Pride & prejudice /
Statement of responsibility, etc by Jane Austen
260 ## - PUBLICATION, DISTRIBUTION, ETC. (IMPRINT)
Place of publication, distribution, etc New Delhi
Name of publisher, distributor, etc Blueberry Books
Date of publication, distribution, etc 2011
270 ## - ADDRESS
Address 4675A/21, Ansari Road, Daryaganj
City New Delhi
Postal code 110002
300 ## - PHYSICAL DESCRIPTION
Extent 437p.
Dimensions 20cm(pbk)
490 ## - SERIES STATEMENT
Series statement Complete and unabridged
-- 52754
942 ## - ADDED ENTRY ELEMENTS (KOHA)
Source of classification or shelving scheme Dewey Decimal Classification
Item type Children Books
Call number suffix AUS
Classification part N
Holdings
Withdrawn status Lost status Not for loan Collection code Home library Current library Date acquired Source of acquisition Cost, normal purchase price Full call number Barcode Copy number Cost, replacement price Koha item type
      Fiction Bawana Bawana 01/10/2012 Blue Berry/IN8226/24.03.2012/43/20.03.2012/29.03.2012 125.00 N AUS B-470359 1 125.00 Children Books
      Fiction Central Jail Tihar Central Jail Tihar 01/10/2012 Blue Berry/IN8226/24.03.2012/43/20.03.2012/29.03.2012 125.00 N AUS B-470354 1 125.00 Children Books
      Fiction Janak Puri Janak Puri 01/10/2012 Blue Berry/IN8226/24.03.2012/43/20.03.2012/29.03.2012 125.00 N AUS B-470355 1 125.00 Children Books
  Written-off vide DLB M. No. 383 dt 16.05.19   Fiction Karol Bagh Karol Bagh 01/10/2012 Blue Berry/IN8226/24.03.2012/43/20.03.2012/29.03.2012 125.00 N AUS B-470356 1 125.00 Children Books
  Written-off vide DLB M. No. 383 dt 16.05.19   Fiction Kasturba Gandhi Marg Kasturba Gandhi Marg 01/10/2012 Blue Berry/IN8226/24.03.2012/43/20.03.2012/29.03.2012 125.00 N AUS B-470351 1 125.00 Children Books
      Fiction Katevara Katevara 01/10/2012 Blue Berry/IN8226/24.03.2012/43/20.03.2012/29.03.2012 125.00 N AUS B-470360 1 125.00 Children Books
      Fiction Narela Narela 01/10/2012 Blue Berry/IN8226/24.03.2012/43/20.03.2012/29.03.2012 125.00 N AUS B-470358 1 125.00 Children Books
      Fiction New Rohtak Road New Rohtak Road 01/10/2012 Blue Berry/IN8226/24.03.2012/43/20.03.2012/29.03.2012 125.00 N AUS B-470357 1 125.00 Children Books
      Fiction Patel Nagar Patel Nagar 01/10/2012 Blue Berry/IN8226/24.03.2012/43/20.03.2012/29.03.2012 125.00 N AUS B-470350 1 125.00 Children Books
  Written-off vide DLB M. No. 383 dt 16.05.19   Fiction Peshwa Road Peshwa Road 01/10/2012 Blue Berry/IN8226/24.03.2012/43/20.03.2012/29.03.2012 125.00 N AUS B-470352 1 125.00 Children Books
  Lost and Paid For   Fiction Shahdara Branch Shahdara Branch 01/10/2012 Blue Berry/IN8226/24.03.2012/43/20.03.2012/29.03.2012 125.00 N AUS B-470361 1 125.00 Children Books
      Fiction Tri Nagar Tri Nagar 01/10/2012 Blue Berry/IN8226/24.03.2012/43/20.03.2012/29.03.2012 125.00 N AUS B-470353 1 125.00 Children Books

© Delhi Public Library
Hit Counter
free hit counter